000 00726nas a2200229 4500
001 BR8900924
003 BR-BrBNA
005 20231205091449.0
007 ta
008 230509b bl.|||p| |||| 00| 00por d
040 _aBR-BrBNA
_bpor
_cBiblioteca Nacional de Agricultura
041 _a(Pt)
072 _aN10; L02
110 1 _aEmpresa Brasileira de Assistencia Tecnica e Extensao Rural, Brasilia, DF (Brasil)
245 1 _aComedouro economico para suinos
650 _aCOMEDOURO
650 _aINSTALACAO PARA ANIMAL
650 _aTECNOLOGIA APROPRIADA
773 0 _tManchete Rural (Brazil)
_xISSN 0102-8901
_g(Aug 1988), v. 2(17) p. 18
_wBR8900924
909 _a202311
_bLúcia
_c55
_dLúcia Elande
942 _2AGRIS
_n0
_cANA
999 _c125259
_d125259